000 00315nam a2200133Ia 4500
003 GCL
008 140319s9999 xx 000 0 ara d
040 _aGCL /
_cGCL
082 0 4 _a813.03
_bا س
245 1 0 _aسمرقند ط2
260 _a[S.N] :
_bدار الفارابى ،
_c1994
300 _a336 ص
490 _a
999 _c54927
_d54927